[Event "AUTO-BEG-22"]
[Site "http://www.queenalice.com/game.php?id=98698"]
[Date "2006.8.23"]
[Round "1"]
[White "kanja90"]
[Black "polakinho"]
[Result "0-1"]
[WhiteElo "1355"]
[BlackElo "1220"]

1. Nc3 e5 2. e4 Qf6 3. Nf3 Nh6 4. Bc4 Qb6 5. d3 a5 6. O-O Rg8 7. Na4 Qf6 8. Ng5
Qg6 9. Qd2 Be7 10. h4 f6 11. Bxg8 Qh5 12. g3 Qg4 13. c4 d6 14. Be6 Bxe6 15. Nxe6
Qxe6 16. b3 Qh3 17. f3 Qxg3+ 18. Qg2 Qxh4 19. Qh2 Qg5+ 20. Bxg5 fxg5 21. Nc3 Na6
22. Nb5 Rc8 23. Na7 Rd8 0-1

[Event "AUTO-BEG-22"]
[Site "http://www.queenalice.com/game.php?id=98699"]
[Date "2006.8.23"]
[Round "1"]
[White "polakinho"]
[Black "kanja90"]
[Result "1-0"]
[WhiteElo "1197"]
[BlackElo "1384"]

1. e4 Nf6 2. Nh3 e5 3. c3 Nc6 4. Qb3 h6 5. d3 Be7 6. Bxh6 gxh6 7. Be2 Na5 8. Qb5
Nc6 9. f4 d6 10. Bh5 O-O 11. Qb3 Nxh5 12. g4 exf4 13. gxh5 Be6 14. Nxf4 Bxb3 15.
axb3 Kh8 16. Rg1 Bg5 17. Nh3 Bf6 18. d4 d5 19. Nd2 Rg8 20. O-O-O Bg5 21. Kc2
Bxd2 22. Kxd2 Rxg1 23. Rxg1 1-0

[Event "AUTO-BEG-22"]
[Site "http://www.queenalice.com/game.php?id=98700"]
[Date "2006.8.23"]
[Round "1"]
[White "kanja90"]
[Black "lonely"]
[Result "0-1"]
[WhiteElo "1527"]
[BlackElo "1213"]

1. e3 c5 2. f4 d6 3. Bc4 Nf6 4. d4 cxd4 5. Qxd4 Nc6 6. Qd3 g6 7. e4 Bg7 8. c3
O-O 9. h3 a6 10. f5 Ne5 11. Qe2 Nxc4 12. Nf3 Qc7 13. Bf4 e5 14. Bg3 gxf5 15.
Nfd2 Nxb2 16. exf5 Bxf5 17. Kf2 Qc5+ 18. Kf3 Rae8 19. Nb3 e4+ 20. Kf4 Bh6# 0-1

[Event "AUTO-BEG-22"]
[Site "http://www.queenalice.com/game.php?id=98701"]
[Date "2006.8.23"]
[Round "1"]
[White "lonely"]
[Black "kanja90"]
[Result "1-0"]
[WhiteElo "1339"]
[BlackElo "1438"]

1. d4 Nc6 2. c4 e5 3. e3 Nf6 4. Nf3 e4 5. Nfd2 d5 6. Nc3 Bg4 7. Be2 Qd7 8. cxd5
Nxd5 9. Bxg4 f5 10. Be2 Ncb4 11. Nxd5 Qxd5 12. Qa4+ c6 13. a3 b5 14. Qb3 Qxb3
15. Nxb3 Nc2+ 16. Kf1 Nxa1 17. Nxa1 c5 18. Bxb5+ Kd8 19. Bc6 Rb8 20. d5 Bd6 21.
g3 g6 22. Nc2 1-0

[Event "AUTO-OPEN-366"]
[Site "http://www.queenalice.com/game.php?id=98746"]
[Date "2006.8.23"]
[Round "1"]
[White "kanja90"]
[Black "CampbellMarcel"]
[Result "0-1"]
[WhiteElo "1170"]
[BlackElo "1623"]

1. d3 d5 2. Nc3 e6 3. d4 Nf6 4. Nf3 Be7 5. Bf4 O-O 6. Qd3 Bb4 7. a3 Bd6 8. O-O-O
Bxf4+ 9. e3 Bd6 10. Ng5 g6 11. f4 c5 12. Qd2 c4 13. h3 Nc6 14. g3 b5 15. Nxb5
Ne4 16. Nxe4 dxe4 17. Nxd6 Qxd6 18. c3 Na5 19. Qe2 Rb8 20. b4 Nb3+ 21. Kb2 a5
22. a4 axb4 23. Qe1 bxc3+ 24. Qxc3 Nxd4+ 0-1

[Event "AUTO-OPEN-366"]
[Site "http://www.queenalice.com/game.php?id=98747"]
[Date "2006.8.23"]
[Round "1"]
[White "CampbellMarcel"]
[Black "kanja90"]
[Result "1-0"]
[WhiteElo "1619"]
[BlackElo "1174"]

1. d3 Nc6 2. Nf3 d5 3. Nc3 Nf6 4. a4 e5 5. e3 Be6 6. Ng5 h6 7. Nxe6 fxe6 8. Be2
Bb4 9. O-O d4 10. exd4 exd4 11. Ne4 e5 12. Nxf6+ Qxf6 13. Bh5+ Kd8 14. f4 Qh4
15. fxe5 Nxe5 16. Rf4 Qe7 17. Re4 Qd6 18. Bf4 Re8 19. Bxe8 Kxe8 20. Bxe5 Qd7 21.
Bxg7+ Be7 22. Bf6 Kf8 23. Bxe7+ Kg8 24. Rg4+ Kf7 25. Re4 Kg8 26. Qh5 1-0

[Event "AUTO-OPEN-366"]
[Site "http://www.queenalice.com/game.php?id=98748"]
[Date "2006.8.23"]
[Round "1"]
[White "kanja90"]
[Black "mateintwo"]
[Result "0-1"]
[WhiteElo "1407"]
[BlackElo "2102"]

1. e4 e5 2. Nf3 Nc6 3. Nc3 Nf6 4. Be2 d5 5. exd5 Nxd5 6. d4 Bb4 7. a3 Nxc3 8.
Qd3 e4 9. Qe3 Nd5+ 10. c3 Nxe3 11. fxe3 exf3 12. Bxf3 Bd6 13. O-O Na5 14. b4 Nb3
15. Rb1 Nxc1 16. Rbxc1 O-O 17. Rf2 Qg5 18. Re1 Qh4 19. h3 Bg3 20. Ree2 Bxf2+ 21.
Rxf2 Bxh3 22. gxh3 Qxh3 23. e4 c6 24. c4 a5 25. b5 cxb5 26. cxb5 Rac8 0-1

[Event "AUTO-OPEN-366"]
[Site "http://www.queenalice.com/game.php?id=98749"]
[Date "2006.8.23"]
[Round "1"]
[White "mateintwo"]
[Black "kanja90"]
[Result "1-0"]
[WhiteElo "1985"]
[BlackElo "1589"]

1. e4 d5 2. exd5 Qxd5 3. Nc3 Qd6 4. d4 e5 5. Qe2 Nc6 6. dxe5 Nxe5 7. f4 f6 8.
fxe5 fxe5 9. Nf3 Bg4 10. Qxe5+ Be7 11. Nb5 Qxe5+ 12. Nxe5 Bf5 13. Nxc7+ Kd8 14.
Nxa8 Bd6 15. Nf7+ Ke8 16. Nxd6+ Kd7 17. Nxf5 g6 18. Bb5+ Ke6 19. Nd4+ Kd6 20.
Bf4+ Kc5 21. c3 Ne7 22. b4+ Kd5 23. Nc7+ Ke4 24. O-O h6 25. Rae1# 1-0

[Event "Challenge"]
[Site "http://www.queenalice.com/game.php?id=98855"]
[Date "2006.8.23"]
[Round "-"]
[White "kanja90"]
[Black "RickD"]
[Result "1-0"]
[WhiteElo "1249"]
[BlackElo "1172"]

1. Nc3 e5 2. Nf3 Nc6 3. e4 Nf6 4. Bc4 a6 5. O-O Bc5 6. Na4 Be7 7. d3 d6 8. h3 h6
9. d4 exd4 10. c3 dxc3 11. Nxc3 Na5 12. Bd3 b5 13. Bd2 c5 14. Qc2 Qd7 15. Rfe1
c4 16. Be2 b4 17. Na4 b3 18. axb3 cxb3 19. Qd3 Bb7 20. Nb6 Qd8 21. Nxa8 Qxa8 22.
Bxa5 Bxe4 23. Qe3 Nd5 24. Qxe4 O-O 25. Bd3 g6 26. Bc4 Bf6 27. Rab1 Re8 28. Bxd5
Qc8 29. Bb7 Qd7 30. Bc6 Qc8 31. Bxe8 Qc5 32. Bc3 a5 33. Bd4 Bxd4 34. Nxd4 f5 35.
Qe6+ Kg7 36. Qf7+ Kh8 37. Re7 Qxd4 38. Qh7# 1-0

[Event "Challenge"]
[Site "http://www.queenalice.com/game.php?id=109858"]
[Date "2006.9.25"]
[Round "-"]
[White "RickD"]
[Black "kanja90"]
[Result "1-0"]
[WhiteElo "1159"]
[BlackElo "1262"]

1. d4 c5 2. dxc5 d5 3. e3 Nf6 4. Nc3 Nc6 5. Nf3 e5 6. Bd3 Bxc5 7. Ng5 O-O 8. O-O
e4 9. Nxd5 Qxd5 10. Be2 Qxg5 11. f4 Qf5 12. a3 Rd8 13. Qe1 Be6 14. b4 Bd6 15.
Rb1 Ba2 16. Rb2 Bd5 17. b5 Ne7 18. c4 Be6 19. Rc2 b6 20. Qd1 Bc7 21. Rd2 Rxd2
22. Qxd2 Bd7 23. Qb4 Re8 24. Qa4 a5 25. Rd1 Rd8 26. Rd4 Be6 27. Rxd8+ Bxd8 28.
Qd1 Bd7 29. Qd6 Qe6 30. Qb8 Bc8 31. h3 Qd7 32. g4 Qc7 33. Qa8 Qb7 34. Qxb7 Bxb7
35. a4 Bc7 36. g5 Nd7 37. Bg4 Bc8 38. Bb2 Nc5 39. Ba3 Bxg4 40. hxg4 f5 41. gxf5
Nxf5 42. Kf2 Nd3+ 43. Ke2 Bd6 44. Bxd6 Nxd6 45. c5 bxc5 46. b6 c4 47. Kd2 h6 48.
gxh6 gxh6 49. f5 Nxf5 50. b7 Nd6 51. b8=Q+ 1-0

[Event "Challenge"]
[Site "http://www.queenalice.com/game.php?id=110141"]
[Date "2006.9.26"]
[Round "-"]
[White "RickD"]
[Black "kanja90"]
[Result "1-0"]
[WhiteElo "1179"]
[BlackElo "1242"]

1. e4 e5 2. f4 Nc6 3. Nf3 d6 4. fxe5 dxe5 5. Bb5 Bd7 6. Nc3 Nf6 7. Na4 Bc5 8.
Nxc5 b6 9. Nxd7 Qxd7 10. Ng5 O-O 11. d3 h6 12. Nf3 a6 13. Bc4 b5 14. Bb3 Qd6 15.
Nh4 g6 16. Bxh6 Kh7 17. Bxf8 Qxf8 18. Qf3 Nh5 19. Bd5 Nd4 20. Qf2 c6 21. Bxf7
Kg7 22. Bxg6 Qxf2+ 23. Kxf2 Nf6 24. c3 Ng4+ 25. Kg3 Ne3 26. cxd4 Nc2 27. Rac1
1-0

[Event "Challenge"]
[Site "http://www.queenalice.com/game.php?id=110579"]
[Date "2006.9.27"]
[Round "-"]
[White "kanja90"]
[Black "RickD"]
[Result "0-1"]
[WhiteElo "1223"]
[BlackElo "1198"]

1. e4 e5 2. Nf3 Nc6 3. d4 exd4 4. Nxd4 Bb4+ 5. c3 Bc5 6. Bf4 Qf6 7. Be3 Nh6 8.
Be2 Qh4 9. Bf3 Ne5 10. O-O d6 11. Qd2 Nxf3+ 12. Nxf3 Qxe4 13. Bxc5 dxc5 14. Ng5
Bg4 15. Nxe4 c4 16. Na3 Be6 17. Qc2 O-O-O 18. Rad1 Bd5 19. Rfe1 Rhe8 20. Ng5 f6
21. Rxe8 Rxe8 22. Rxd5 Re1# 0-1

[Event "Challenge"]
[Site "http://www.queenalice.com/game.php?id=111017"]
[Date "2006.9.28"]
[Round "-"]
[White "RickD"]
[Black "kanja90"]
[Result "1-0"]
[WhiteElo "1215"]
[BlackElo "1206"]

1. e4 e5 2. d3 Nc6 3. Nc3 Nf6 4. Nf3 Bb4 5. Be3 d6 6. Be2 h6 7. O-O Qe7 8. a3
Bc5 9. b4 Bb6 10. Nh4 Be6 11. Nf5 Qf8 12. Nb5 O-O-O 13. a4 a6 14. a5 Bxe3 15.
fxe3 Rg8 16. Na3 Nxb4 17. c3 Nc6 18. Nc4 Ne8 19. Qb3 d5 20. exd5 Nxa5 21. d6
Nxb3 22. dxc7 Nxc7 23. Rab1 Nc5 24. Nb6+ Kb8 25. Nc4 g6 26. Nfd6 Nd5 27. Bf3 Qe7
28. d4 Nd3 29. Rxb7+ Ka8 30. Rxe7 Rd7 31. Rxd7 Bxd7 32. Bxd5+ Kb8 33. Nb6 Kc7
34. Nbc4 Rc8 35. Rxf7 Kd8 36. Rf8+ Kc7 37. Rxc8+ Bxc8 38. Be4 Ne1 39. Kf1 Be6
40. Kxe1 Bxc4 41. Nxc4 a5 42. Nxa5 g5 43. Nc4 h5 44. Nxe5 g4 45. d5 Kd6 46. Nf7+
Ke7 47. d6+ Kxf7 48. d7 Ke7 49. Bf5 Kd8 50. e4 g3 51. hxg3 Kc7 52. e5 Kd8 53. e6
Ke7 54. g4 Kd8 55. gxh5 Ke7 56. h6 Kd8 57. h7 Ke7 58. g3 Kf6 59. d8=Q+ Kxf5 60.
Qe8 Ke5 61. h8=Q+ Ke4 62. Qh6 Kd3 63. Qb5+ Kc2 64. Qd2# 1-0

[Event "Challenge"]
[Site "http://www.queenalice.com/game.php?id=111321"]
[Date "2006.9.29"]
[Round "-"]
[White "kanja90"]
[Black "RickD"]
[Result "0-1"]
[WhiteElo "1190"]
[BlackElo "1231"]

1. f4 f5 2. Nf3 d5 3. e3 e6 4. Bb5+ Bd7 5. Nc3 Na6 6. O-O Nc5 7. Be2 Ne4 8. Qe1
Qf6 9. d4 O-O-O 10. Ne5 Be8 11. Bd2 Be7 12. Bd3 Qh6 13. Nf3 Ngf6 14. Bb5 c6 15.
Bd3 Ng4 16. a4 g5 17. a5 gxf4 18. exf4 Rg8 19. a6 Ngf6 20. axb7+ Kxb7 21. Ba6+
Kc7 22. Qb1 Nd7 23. Ne2 Qg7 24. g3 Bh5 25. Ba5+ Kd6 26. Bxd8 Bxd8 27. b4 Bxf3
28. Rxf3 Nd2 29. Qa2 Nxf3+ 30. Kf1 Nxh2+ 31. Kf2 Qg4 32. Qa3 Bb6 33. b5+ Kc7 34.
bxc6 Kxc6 35. Qd6+ Kxd6 36. c3 Nf6 37. Bd3 Ne4+ 38. Bxe4 dxe4 39. Re1 e3+ 40.
Kxe3 Qf3+ 41. Kd2 Nf1+ 42. Kd1 Rxg3 43. Rxf1 Qxf1+ 44. Kd2 Rf3 45. Ng1 Qxg1 46.
Kc2 Ba5 47. Kb3 Bxc3 48. Kc4 Qxd4+ 49. Kb3 Rf2 50. Ka3 Qb4# 0-1